000 00643nam a22001935i 4500
001 98903
003 ES-MaACL
005 20230906182412.0
007 t|
008 950919s1891 sp ||||1| spa d
040 _aCAM
_bspa
_cCAM
100 1 _aEchegaray, José,
_d1832-1916
_946526
245 1 0 _aExamen de varios submarinos comparados con "El Peral"
_b: colección de artículos publicados en "El Heraldo de Madrid" /
_cpor José Echegaray.
260 _aMadrid :
_b[s.n.],
_c1891 (
_fImpr. de José M. Ducazcal)
300 _a104 p. ;
_c25 cm.
650 4 _aSubmarinos.
_9155749
852 _aES-MaACL
_jT-850-F-1
999 _c98903
_d98903